000 00545nam a22001817a 4500
005 20170818163506.0
010 _aENG-119785
020 _a9788179253984
_c350.00
035 _aEN-103317
037 _bDBAD/PUB
082 _a720.92
100 _aDeulgaonkar, Atul
245 _aLaurie baker :
_cby Vasudeo Kamath
_btruth in architecture /
260 _aPune
_bJyotsna Prakashan
_c2016
270 _a'Dhavalgiri' 430-31, Shaniwar Peth,
_bPune
_e411030
300 _a196p. :
_c22cm(pbk)
_bill.
942 _2ddc
_cEN
_h720.92
_mDEU
999 _c143471
_d143471